| 000 | 00827nam a2200265 i 4500 | ||
|---|---|---|---|
| 001 | 6239 | ||
| 003 | ES-MaACL | ||
| 005 | 20250830060339.0 | ||
| 007 | t| | ||
| 008 | 890908s1989 sp ||||0| spa d | ||
| 020 | _a85-7658-159-9 | ||
| 080 | _a141.319.8 | ||
| 080 | _a291.13 | ||
| 100 | 1 |
_aMayr, Franz K. _979439 |
|
| 245 | 1 | 3 |
_aLa Mitología occidental / _cFranz K. Mayr ; edición preparada por Andres Ortiz-Oses. |
| 250 | _a1a ed. | ||
| 260 |
_aBarcelona : _bAnthropos, _c1989. |
||
| 300 |
_a239 p. : _bil. ; _c20 cm. |
||
| 490 | 1 |
_aAutores, textos y temas. Hermeneusis ; _v5 |
|
| 650 | 4 |
_aMitología. _915092 |
|
| 700 | 1 |
_aOrtiz-Osés, Andrés, _d1943-2021 _987635 |
|
| 830 | 0 |
_aAutores, textos y temas. Hermeneusis ; _v5 _9177421 |
|
| 852 |
_aES-MaACL _jL-13398 _bR.116759 _z. - rust. |
||
| 999 |
_c6239 _d6239 |
||